[Event "41st Nezhmetdinov Memorial 2019"]
[Site "Kazan"]
[Date "2019.06.02"]
[Round "3.6"]
[White "Bublei, Pavel"]
[Black "Iljiushenok, Ilia"]
[Result "0-1"]
[WhiteElo "2362"]
[BlackElo "2549"]
[Annotator "ChessBase"]
[PlyCount "58"]
[EventDate "2019.05.31"]
[EventType "swiss"]
[EventCountry "RUS"]
[SourceTitle "playchess.com"]
[Source "ChessBase"]
[SourceQuality "1"]
[TimeControl "5400+30"]

1. d4 {[%emt 0:00:00]} Nf6 {[%emt 0:00:02]} 2. Nf3 {[%emt 0:00:00]} g6 {[%emt 0:00:05]} 3. c4 {[%emt 0:00:14]} Bg7 {[%emt 0:00:04]} 4. g3 {[%emt 0:00:22]} O-O {[%emt 0:00:07]} 5. Bg2 {[%emt 0:00:20]} d6 {[%emt 0:00:05]} 6. O-O {[%emt 0:00:29]} Nc6 {[%emt 0:05:16]} 7. Nc3 {[%emt 0:00:28]} Rb8 {[%emt 0:00:43]} 8. h3 {[%emt 0:05:02]} a6 {[%emt 0:05:20]} 9. e4 {[%emt 0:01:51]} b5 {[%emt 0:07:11]} 10. cxb5 {[%emt 0:03:47]} axb5 {[%emt 0:00:11]} 11. e5 {[%emt 0:00:08]} Nd7 {[%emt 0:14:08]} 12. Ng5 {[%emt 0:00:25]} dxe5 {[%emt 0:00:14]} 13. Bxc6 {[%emt 0:00:23]} exd4 {[%emt 0:00:03]} 14. Ne2 {[%emt 0:34:41]} e5 {[%emt 0:16:07]} 15. f4 {[%emt 0:08:57]} h6 {[%emt 0:29:34]} 16. Nf3 {[%emt 0:03:49]} Rb6 {[%emt 0:02:17]} 17. Bxd7 {[%emt 0:03:55]} Bxd7 {[%emt 0:01:41]} 18. Nxe5 {[%emt 0:09:10]} Bxh3 {[%emt 0:00:11]} 19. Rf2 {[%emt 0:00:19]} c5 {[%emt 0:02:14]} 20. Kh2 {[%emt 0:07:06]} Bc8 {[%emt 0:00:05]} 21. Bd2 {[%emt 0:02:36]} Re6 {[%emt 0:00:46]} 22. Nf3 {[%emt 0:02:37]} Qd5 {[%emt 0:01:37]} 23. g4 {[%emt 0:01:29]} Bb7 {[%emt 0:01:54]} 24. f5 {[%emt 0:00:48]} Re4 {[%emt 0:00:06]} 25. Nf4 {[%emt 0:03:08]} Qd6 {[%emt 0:00:12]} 26. Kh3 {[%emt 0:00:29]} Rxf4 {[%emt 0:00:57]} 27. Bxf4 {[%emt 0:00:06]} Qxf4 {[%emt 0:00:03]} 28. Qd2 {[%emt 0:00:16]} Qd6 {[%emt 0:00:19]} 29. Nh4 {[%emt 0:01:08]} g5 {[%emt 0:02:16]} 0-1

[Event "41st Nezhmetdinov Memorial 2019"]
[Site "Kazan"]
[Date "2019.06.02"]
[Round "3.7"]
[White "Yatzenko, Anton"]
[Black "Maiorov, Nikita"]
[Result "1-0"]
[WhiteElo "2354"]
[BlackElo "2527"]
[Annotator "ChessBase"]
[PlyCount "148"]
[EventDate "2019.05.31"]
[EventType "swiss"]
[EventCountry "RUS"]
[SourceTitle "playchess.com"]
[Source "ChessBase"]
[SourceQuality "1"]
[TimeControl "5400+30"]

1. e4 {[%emt 0:04:34]} d6 {[%emt 0:03:51]} 2. d4 {[%emt 0:00:08]} Nf6 {[%emt 0:00:09]} 3. Nc3 {[%emt 0:01:56]} g6 {[%emt 0:00:05]} 4. Nf3 {[%emt 0:02:32]} Bg7 {[%emt 0:00:07]} 5. Be2 {[%emt 0:00:15]} O-O {[%emt 0:00:06]} 6. O-O {[%emt 0:00:04]} a6 {[%emt 0:00:13]} 7. a4 {[%emt 0:00:08]} b6 {[%emt 0:01:13]} 8. Re1 {[%emt 0:01:25]} Bb7 {[%emt 0:00:58]} 9. Bf1 {[%emt 0:00:07]} e6 {[%emt 0:00:47]} 10. h3 {[%emt 0:06:22]} Nc6 {[%emt 0:05:15]} 11. Bg5 {[%emt 0:02:04]} h6 {[%emt 0:00:53]} 12. Bh4 {[%emt 0:04:23]} Ne7 {[%emt 0:13:21]} 13. Qd2 {[%emt 0:00:48]} Kh7 {[%emt 0:02:28]} 14. Rad1 {[%emt 0:03:45]} Qe8 {[%emt 0:04:21]} 15. Bd3 {[%emt 0:02:22]} Nh5 {[%emt 0:07:12]} 16. g4 {[%emt 0:01:16]} Nf6 {[%emt 0:00:06]} 17. Bg3 {[%emt 0:01:03]} Nd7 {[%emt 0:06:22]} 18. Ne2 {[%emt 0:13:38]} f5 {[%emt 0:16:23]} 19. gxf5 {[%emt 0:04:44]} exf5 {[%emt 0:00:10]} 20. Nf4 {[%emt 0:00:40]} fxe4 {[%emt 0:00:27]} 21. Bxe4 {[%emt 0:01:07]} Bxe4 {[%emt 0:00:04]} 22. Rxe4 {[%emt 0:00:05]} Nf6 {[%emt 0:01:19]} 23. Re2 {[%emt 0:02:08]} Qd7 {[%emt 0:00:55]} 24. Rde1 {[%emt 0:06:23]} Nfd5 {[%emt 0:11:50]} 25. c4 {[%emt 0:13:46]} Nxf4 {[%emt 0:00:10]} 26. Rxe7 {[%emt 0:00:06]} Nxh3+ {[%emt 0:03:40]} 27. Kg2 {[%emt 0:01:55]} Qg4 {[%emt 0:03:04]} 28. Nh2 {[%emt 0:01:25]} Qf5 {[%emt 0:04:36]} 29. Rxc7 {[%emt 0:04:37]} Rac8 {[%emt 0:00:36]} 30. Ree7 {[%emt 0:04:05]} Rxc7 {[%emt 0:00:19]} 31. Rxc7 {[%emt 0:00:02]} Ng5 {[%emt 0:01:46]} 32. Qe2 {[%emt 0:00:28]} Ne6 {[%emt 0:04:00]} 33. Rb7 {[%emt 0:03:53]} Nxd4 {[%emt 0:04:00]} 34. Qg4 {[%emt 0:00:05]} Qd3 {[%emt 0:03:49]} 35. Bxd6 {[%emt 0:00:55]} Rf5 {[%emt 0:00:54]} 36. Bg3 {[%emt 0:01:36]} Qxc4 {[%emt 0:00:49]} 37. Qe4 {[%emt 0:00:46]} Qc5 {[%emt 0:01:09]} 38. Ng4 {[%emt 0:00:41]} Qc6 {[%emt 0:00:49]} 39. Qxc6 {[%emt 0:00:45]} Nxc6 {[%emt 0:00:01]} 40. Rxb6 {[%emt 0:01:39]} Ne7 {[%emt 0:00:47]} 41. Rxa6 {[%emt 0:02:09]} Bxb2 {[%emt 0:00:11]} 42. Ra7 {[%emt 0:00:06]} Ba3 {[%emt 0:00:05]} 43. Ne3 {[%emt 0:00:13]} Rg5 {[%emt 0:00:41]} 44. Kf3 {[%emt 0:02:16]} Bc5 {[%emt 0:00:46]} 45. Rc7 {[%emt 0:00:10]} Kg8 {[%emt 0:00:15]} 46. Bf4 {[%emt 0:01:08]} Rh5 {[%emt 0:00:07]} 47. Ng4 {[%emt 0:00:11]} Kf8 {[%emt 0:01:00]} 48. Nf6 {[%emt 0:05:56]} Rf5 {[%emt 0:00:06]} 49. Nd7+ {[%emt 0:00:03]} Ke8 {[%emt 0:00:24]} 50. Nxc5 {[%emt 0:00:20]} Rxf4+ {[%emt 0:01:26]} 51. Kxf4 {[%emt 0:00:03]} Nd5+ {[%emt 0:00:05]} 52. Ke5 {[%emt 0:00:03]} Nxc7 {[%emt 0:00:03]} 53. Kf6 {[%emt 0:00:05]} g5 {[%emt 0:01:34]} 54. Kg6 {[%emt 0:00:54]} Ke7 {[%emt 0:00:33]} 55. Kxh6 {[%emt 0:00:04]} Kf6 {[%emt 0:00:33]} 56. Ne4+ {[%emt 0:00:20]} Kf5 {[%emt 0:00:04]} 57. Nxg5 {[%emt 0:00:04]} Kf4 {[%emt 0:00:03]} 58. a5 {[%emt 0:01:05]} Na6 {[%emt 0:00:06]} 59. Kg6 {[%emt 0:00:23]} Nb4 {[%emt 0:01:15]} 60. Kf6 {[%emt 0:01:29]} Kg4 {[%emt 0:00:30]} 61. Kg6 {[%emt 0:01:30]} Kf4 {[%emt 0:00:07]} 62. Kh5 {[%emt 0:00:15]} Na6 {[%emt 0:00:23]} 63. Nh3+ {[%emt 0:00:20]} Kf3 {[%emt 0:00:11]} 64. Kg5 {[%emt 0:00:04]} Nb4 {[%emt 0:01:26]} 65. Kf5 {[%emt 0:00:07]} Na6 {[%emt 0:00:24]} 66. Ke5 {[%emt 0:00:12]} Nb4 {[%emt 0:00:54]} 67. Kd6 {[%emt 0:00:16]} Na6 {[%emt 0:00:27]} 68. Kc6 {[%emt 0:00:13]} Kg2 {[%emt 0:00:33]} 69. f4 {[%emt 0:00:05]} Kxh3 {[%emt 0:00:08]} 70. f5 {[%emt 0:00:10]} Nb4+ {[%emt 0:00:15]} 71. Kb7 {[%emt 0:00:13]} Nd3 {[%emt 0:01:14]} 72. f6 {[%emt 0:00:11]} Kg4 {[%emt 0:00:18]} 73. f7 {[%emt 0:00:40]} Nc5+ {[%emt 0:00:03]} 74. Kc8 {[%emt 0:00:14]} Ne6 {[%emt 0:00:04]} 1-0

[Event "41st Nezhmetdinov Memorial 2019"]
[Site "Kazan"]
[Date "2019.06.02"]
[Round "3.8"]
[White "Yudin, Sergei"]
[Black "Smirnov, Timofey"]
[Result "1/2-1/2"]
[WhiteElo "2507"]
[BlackElo "2335"]
[Annotator "ChessBase"]
[PlyCount "95"]
[EventDate "2019.05.31"]
[EventType "swiss"]
[EventCountry "RUS"]
[SourceTitle "playchess.com"]
[Source "ChessBase"]
[SourceQuality "1"]
[TimeControl "5400+30"]

1. e4 {[%emt 0:00:00]} c5 {[%emt 0:03:18]} 2. Nf3 {[%emt 0:00:00]} d6 {[%emt 0:00:06]} 3. Bb5+ {[%emt 0:00:11]} Bd7 {[%emt 0:00:07]} 4. a4 {[%emt 0:01:35]} Nc6 {[%emt 0:02:40]} 5. O-O {[%emt 0:00:41]} a6 {[%emt 0:00:56]} 6. Bxc6 {[%emt 0:05:45]} Bxc6 {[%emt 0:00:07]} 7. Re1 {[%emt 0:00:14]} e6 {[%emt 0:01:36]} 8. d4 {[%emt 0:02:39]} cxd4 {[%emt 0:00:20]} 9. Nxd4 {[%emt 0:00:05]} Nf6 {[%emt 0:01:09]} 10. Nd2 {[%emt 0:06:03]} Qc7 {[%emt 0:05:47]} 11. c4 {[%emt 0:02:38]} Be7 {[%emt 0:00:48]} 12. b3 {[%emt 0:00:46]} O-O {[%emt 0:01:10]} 13. Bb2 {[%emt 0:02:10]} b6 {[%emt 0:03:29]} 14. Nxc6 {[%emt 0:05:06]} Qxc6 {[%emt 0:00:06]} 15. Qe2 {[%emt 0:06:29]} Nd7 {[%emt 0:06:10]} 16. Nf3 {[%emt 0:02:11]} Qc7 {[%emt 0:01:27]} 17. Red1 {[%emt 0:01:14]} Rfd8 {[%emt 0:04:38]} 18. Qe3 {[%emt 0:08:07]} Rac8 {[%emt 0:01:50]} 19. Rd2 {[%emt 0:01:00]} Qb7 {[%emt 0:02:56]} 20. Rad1 {[%emt 0:01:05]} Nc5 {[%emt 0:02:29]} 21. e5 {[%emt 0:04:24]} dxe5 {[%emt 0:05:36]} 22. Nxe5 {[%emt 0:00:56]} Rxd2 {[%emt 0:04:18]} 23. Rxd2 {[%emt 0:00:05]} Rd8 {[%emt 0:01:52]} 24. Rxd8+ {[%emt 0:02:02]} Bxd8 {[%emt 0:00:03]} 25. a5 {[%emt 0:05:44]} f6 {[%emt 0:05:38]} 26. Nf3 {[%emt 0:06:01]} Qd7 {[%emt 0:03:59]} 27. axb6 {[%emt 0:06:16]} Bxb6 {[%emt 0:07:58]} 28. b4 {[%emt 0:04:35]} Nd3 {[%emt 0:06:26]} 29. c5 {[%emt 0:12:51]} Bxc5 {[%emt 0:06:47]} 30. bxc5 {[%emt 0:00:06]} Nxb2 {[%emt 0:00:01]} 31. Qc1 {[%emt 0:00:15]} Nd3 {[%emt 0:08:53]} 32. c6 {[%emt 0:00:35]} Qc8 {[%emt 0:01:14]} 33. Qd2 {[%emt 0:01:53]} Nc5 {[%emt 0:01:03]} 34. Nd4 {[%emt 0:02:00]} e5 {[%emt 0:03:06]} 35. Qa2+ {[%emt 0:00:06]} Kf8 {[%emt 0:00:09]} 36. Qa3 {[%emt 0:00:45]} exd4 {[%emt 0:00:06]} 37. Qxc5+ {[%emt 0:00:07]} Ke8 {[%emt 0:00:17]} 38. Qd5 {[%emt 0:04:21]} Ke7 {[%emt 0:05:04]} 39. Qc5+ {[%emt 0:00:26]} Ke8 {[%emt 0:02:38]} 40. Qd5 {[%emt 0:00:14]} Qc7 {[%emt 0:00:23]} 41. Qg8+ {[%emt 0:02:25]} Ke7 {[%emt 0:00:02]} 42. Qxg7+ {[%emt 0:00:08]} Kd6 {[%emt 0:00:02]} 43. Qxf6+ {[%emt 0:00:11]} Kd5 {[%emt 0:01:17]} 44. Qf3+ {[%emt 0:00:46]} Kc5 {[%emt 0:00:26]} 45. Qa3+ {[%emt 0:00:13]} Kb5 {[%emt 0:00:06]} 46. Qb2+ {[%emt 0:00:39]} Kc5 {[%emt 0:00:17]} 47. Qa3+ {[%emt 0:00:15]} Kb5 {[%emt 0:00:23]} 48. Qd3+ 1/2-1/2

[Event "41st Nezhmetdinov Memorial 2019"]
[Site "Kazan"]
[Date "2019.06.02"]
[Round "3.9"]
[White "Gubajdullin, Alexei"]
[Black "Nozdrachev, Vladislav"]
[Result "0-1"]
[WhiteElo "2347"]
[BlackElo "2481"]
[Annotator "ChessBase"]
[PlyCount "100"]
[EventDate "2019.05.31"]
[EventType "swiss"]
[EventCountry "RUS"]
[SourceTitle "playchess.com"]
[Source "ChessBase"]
[SourceQuality "1"]
[TimeControl "5400+30"]

1. d4 {[%emt 0:01:25]} Nf6 {[%emt 0:00:00]} 2. Bf4 {[%emt 0:00:04]} e6 {[%emt 0:00:00]} 3. e3 {[%emt 0:00:04]} b6 {[%emt 0:00:00]} 4. h3 {[%emt 0:00:29]} Bb7 {[%emt 0:00:00]} 5. Nf3 {[%emt 0:00:06]} Bd6 {[%emt 0:00:36]} 6. Bxd6 {[%emt 0:03:06]} cxd6 {[%emt 0:00:05]} 7. Nbd2 {[%emt 0:00:26]} O-O {[%emt 0:01:34]} 8. Bd3 {[%emt 0:00:15]} d5 {[%emt 0:00:10]} 9. O-O {[%emt 0:02:16]} d6 {[%emt 0:05:23]} 10. c3 {[%emt 0:03:35]} Nbd7 {[%emt 0:02:03]} 11. a4 {[%emt 0:02:04]} a6 {[%emt 0:00:29]} 12. Ne1 {[%emt 0:12:04]} Qe7 {[%emt 0:06:57]} 13. a5 {[%emt 0:11:05]} b5 {[%emt 0:01:21]} 14. Nc2 {[%emt 0:00:02]} Ne4 {[%emt 0:01:30]} 15. f3 {[%emt 0:03:14]} Ng3 {[%emt 0:00:39]} 16. Re1 {[%emt 0:00:02]} f5 {[%emt 0:05:16]} 17. Nb4 {[%emt 0:14:48]} e5 {[%emt 0:02:15]} 18. Bc2 {[%emt 0:03:13]} Kh8 {[%emt 0:09:59]} 19. Bb3 {[%emt 0:00:15]} Nf6 {[%emt 0:00:07]} 20. Kh2 {[%emt 0:01:03]} Ngh5 {[%emt 0:02:05]} 21. f4 {[%emt 0:07:11]} g6 {[%emt 0:04:19]} 22. Nf3 {[%emt 0:26:06]} e4 {[%emt 0:00:32]} 23. Nd2 {[%emt 0:00:39]} Rg8 {[%emt 0:06:03]} 24. g4 {[%emt 0:01:25]} fxg4 {[%emt 0:02:26]} 25. hxg4 {[%emt 0:00:15]} g5 {[%emt 0:00:12]} 26. f5 {[%emt 0:00:52]} Nf4 {[%emt 0:00:07]} 27. Rh1 {[%emt 0:02:38]} h5 {[%emt 0:02:52]} 28. Kg1 {[%emt 0:00:25]} Nd3 {[%emt 0:00:06]} 29. Nxd3 {[%emt 0:00:39]} exd3 {[%emt 0:00:04]} 30. Qf3 {[%emt 0:00:59]} Rae8 {[%emt 0:00:55]} 31. Nf1 {[%emt 0:01:16]} Qe4 {[%emt 0:04:18]} 32. Qxe4 {[%emt 0:00:50]} Rxe4 {[%emt 0:00:06]} 33. Bd1 {[%emt 0:00:15]} Re7 {[%emt 0:02:01]} 34. Ng3 {[%emt 0:01:46]} h4 {[%emt 0:01:40]} 35. Nf1 {[%emt 0:00:04]} Re4 {[%emt 0:01:27]} 36. Bf3 {[%emt 0:01:15]} Nxg4 {[%emt 0:00:06]} 37. Bxe4 {[%emt 0:00:44]} dxe4 {[%emt 0:00:05]} 38. b3 {[%emt 0:00:24]} Bd5 {[%emt 0:00:21]} 39. c4 {[%emt 0:00:55]} bxc4 {[%emt 0:00:09]} 40. bxc4 {[%emt 0:00:01]} Bxc4 {[%emt 0:00:05]} 41. Rb1 {[%emt 0:00:15]} Rf8 {[%emt 0:00:45]} 42. Nd2 {[%emt 0:01:04]} d5 {[%emt 0:00:04]} 43. Rh3 {[%emt 0:00:22]} Rxf5 {[%emt 0:01:14]} 44. Rf1 {[%emt 0:00:51]} Rxf1+ {[%emt 0:00:37]} 45. Kxf1 {[%emt 0:00:03]} Kg7 {[%emt 0:00:09]} 46. Ke1 {[%emt 0:00:12]} Kf7 {[%emt 0:01:02]} 47. Nxc4 {[%emt 0:00:42]} dxc4 {[%emt 0:00:04]} 48. Kd2 {[%emt 0:01:29]} Nf6 {[%emt 0:00:06]} 49. Rh1 {[%emt 0:00:36]} Nd5 {[%emt 0:00:06]} 50. Rf1+ {[%emt 0:00:10]} Ke6 {[%emt 0:00:04]} 0-1

[Event "41st Nezhmetdinov Memorial 2019"]
[Site "Kazan"]
[Date "2019.06.02"]
[Round "3.10"]
[White "Belyakov, Bogdan"]
[Black "Ponfilenok, Vladimir"]
[Result "1-0"]
[WhiteElo "2483"]
[BlackElo "2346"]
[Annotator "ChessBase"]
[PlyCount "101"]
[EventDate "2019.05.31"]
[EventType "swiss"]
[EventCountry "RUS"]
[SourceTitle "playchess.com"]
[Source "ChessBase"]
[SourceQuality "1"]
[TimeControl "5400+30"]

1. e4 {[%emt 0:00:00]} e6 {[%emt 0:05:49]} 2. d4 {[%emt 0:01:00]} d5 {[%emt 0:00:04]} 3. Nc3 {[%emt 0:00:06]} Bb4 {[%emt 0:00:03]} 4. Nge2 {[%emt 0:02:06]} dxe4 {[%emt 0:00:12]} 5. a3 {[%emt 0:00:06]} Bxc3+ {[%emt 0:00:05]} 6. Nxc3 {[%emt 0:00:05]} Nc6 {[%emt 0:00:06]} 7. d5 {[%emt 0:00:49]} exd5 {[%emt 0:00:06]} 8. Qxd5 {[%emt 0:00:03]} Be6 {[%emt 0:00:10]} 9. Qxe4 {[%emt 0:00:05]} Nf6 {[%emt 0:00:09]} 10. Qh4 {[%emt 0:00:05]} Qe7 {[%emt 0:01:18]} 11. Be3 {[%emt 0:06:47]} O-O-O {[%emt 0:00:11]} 12. Be2 {[%emt 0:13:40]} Nd5 {[%emt 0:03:34]} 13. Qxe7 {[%emt 0:00:15]} Ndxe7 {[%emt 0:00:06]} 14. O-O {[%emt 0:28:01]} Nf5 {[%emt 0:00:32]} 15. Bf4 {[%emt 0:01:15]} Nfd4 {[%emt 0:00:24]} 16. Bd3 {[%emt 0:04:32]} Bf5 {[%emt 0:00:15]} 17. Bxf5+ {[%emt 0:00:04]} Nxf5 {[%emt 0:00:07]} 18. Rfd1 {[%emt 0:01:09]} Nfd4 {[%emt 0:03:50]} 19. Rac1 {[%emt 0:02:40]} Rd7 {[%emt 0:00:23]} 20. Kf1 {[%emt 0:00:07]} Rhd8 {[%emt 0:00:51]} 21. f3 {[%emt 0:01:54]} Ne6 {[%emt 0:08:46]} 22. Rxd7 {[%emt 0:00:21]} Rxd7 {[%emt 0:00:02]} 23. Be3 {[%emt 0:00:09]} Ncd4 {[%emt 0:01:07]} 24. Kf2 {[%emt 0:00:54]} Nf5 {[%emt 0:03:54]} 25. g4 {[%emt 0:05:40]} Nxe3 {[%emt 0:00:09]} 26. Kxe3 {[%emt 0:00:04]} c5 {[%emt 0:04:19]} 27. Ne4 {[%emt 0:03:39]} Kc7 {[%emt 0:00:21]} 28. h4 {[%emt 0:00:08]} Kc6 {[%emt 0:08:13]} 29. c4 {[%emt 0:03:37]} a5 {[%emt 0:07:50]} 30. h5 {[%emt 0:00:56]} Nd4 {[%emt 0:06:48]} 31. g5 {[%emt 0:02:31]} f5 {[%emt 0:05:04]} 32. Nc3 {[%emt 0:06:00]} Re7+ {[%emt 0:07:41]} 33. Kf2 {[%emt 0:01:08]} Re6 {[%emt 0:07:50]} 34. Rd1 {[%emt 0:01:22]} Kd7 {[%emt 0:09:22]} 35. Rd2 {[%emt 0:07:39]} Ke8 {[%emt 0:01:23]} 36. Nd5 {[%emt 0:00:51]} Kd7 {[%emt 0:05:07]} 37. b4 {[%emt 0:00:42]} axb4 {[%emt 0:00:13]} 38. axb4 {[%emt 0:00:04]} Kc6 {[%emt 0:01:20]} 39. b5+ {[%emt 0:00:57]} Kd6 {[%emt 0:00:03]} 40. Ra2 {[%emt 0:03:44]} Re8 {[%emt 0:00:02]} 41. Nf4 {[%emt 0:00:34]} Kc7 {[%emt 0:02:29]} 42. Ra1 {[%emt 0:00:34]} Kd6 {[%emt 0:01:25]} 43. h6 {[%emt 0:00:19]} g6 {[%emt 0:04:41]} 44. Ra7 {[%emt 0:01:29]} Rb8 {[%emt 0:00:36]} 45. Ra2 {[%emt 0:00:05]} Rh8 {[%emt 0:01:15]} 46. Ra1 {[%emt 0:02:58]} Re8 {[%emt 0:00:33]} 47. Ra3 {[%emt 0:00:11]} Ne6 {[%emt 0:02:58]} 48. Re3 {[%emt 0:00:36]} Re7 {[%emt 0:00:53]} 49. Nd5 {[%emt 0:00:21]} Rf7 {[%emt 0:00:07]} 50. f4 {[%emt 0:00:19]} Nf8 {[%emt 0:01:38]} 51. Re8 {Kxd5} 1-0

[Event "41st Nezhmetdinov Memorial 2019"]
[Site "Kazan"]
[Date "2019.06.03"]
[Round "4.1"]
[White "Belyakov, Bogdan"]
[Black "Timofeev, Artyom"]
[Result "1/2-1/2"]
[WhiteElo "2483"]
[BlackElo "2602"]
[Annotator "TA"]
[PlyCount "89"]
[EventDate "2019.05.31"]
[EventType "swiss"]
[EventCountry "RUS"]
[SourceTitle "playchess.com"]
[Source "ChessBase"]
[SourceQuality "1"]

{[%evp 9,89,58,78,66,95,77,92,85,99,100,99,99,81,71,43,41,43,33,36,10,26,20,28,24,35,34,28,44,32,0,0,0,0,-40,-38,-30,-30,-36,-2,-24,-30,-46,-22,-27,-4,-7,0,0,0,0,9,9,9,0,0,0,0,0,0,0,0,0,0,-33,-26,-44,-45,-143,-77,-103,-97,-102,0,0,17,-8,0,0,0,0,0,0]} 1. e4 c5 2. c3 d6 3. d4 Nd7 4. Nf3 g6 5. Bd3 (5. Bc4 e6 6. O-O Bg7 7. Re1 Ne7 8. a4 O-O 9. Bf1 Nc6 10. d5 exd5 11. exd5 Nce5 12. Na3 Re8 13. Bf4 {0-1 (89) Shkapenko,P (2425)-Naiditsch,A (2687) Tallinn 2016}) 5... Bg7 6. O-O {B22: Sicilian: 2 c3} Qc7 7. Re1 e5 8. dxe5 {White is better.} dxe5 9. a4 $146 ({Predecessor:} 9. Na3 a6 10. Bg5 h6 11. Bh4 Ngf6 12. Qa4 O-O {0-1 (30) Alcer,F (1760)-Kornrumpf,J (2061) Berlin 2014}) 9... Ngf6 10. Na3 O-O 11. Bc4 a6 12. h3 h6 13. Qb3 Nb8 14. Bd5 Nbd7 15. Nc4 Rb8 {[%cal Ba8b8,Bb8b6,Bb6d6,Bd6d5][%mdl 32]} 16. a5 b5 17. axb6 $1 Nxb6 18. Nxb6 Rxb6 19. Qc4 Nxd5 20. exd5 Bb7 21. b4 Rd6 22. Qxc5 Qb8 23. Qe3 e4 24. Nd4 Rxd5 25. Bb2 Qc8 26. Nb3 Rd3 (26... f5 $5 {[%cal Rf5f4]} 27. Qc1 Rfd8 $15) 27. Qb6 e3 28. Rxe3 Rxe3 29. Qxe3 Qc6 {[%csl Gb7][%cal Rc6g2]} 30. f3 Re8 $40 {[%mdl 128] White needs to defend precisely.} 31. Qd2 Qc7 32. Nc5 Bxf3 33. gxf3 {Threatens to win with Rf1.} Qg3+ {[%mdl 64] Double Attack} 34. Qg2 $1 {[%cal Rg2g3]} Qxg2+ 35. Kxg2 Re2+ {[%mdl 64] Double Attack} 36. Kg3 {Black must now prevent Rb1.} Rxb2 $15 {[%mdl 4096] Endgame KRB-KRN} 37. Rc1 Ra2 38. Kf4 {[#]} (38. h4 $15) 38... Ra3 (38... Re2 $142 $1 {( -> ...Be5+)} 39. Kg3 Be5+ 40. f4 Re3+ {[%mdl 64] Double Attack} 41. Kg2 Bxf4) 39. Ke4 Bxc3 40. Nxa6 {[#]} Kg7 ({Better is} 40... Rb3 $1 $17 41. b5 f5+ 42. Kd3 Bb2+ 43. Kc4 Rxb5) 41. b5 $11 {The position is equal.} Ba5 42. Rb1 f5+ 43. Kd5 Rxf3 44. b6 Bxb6 $1 45. Rxb6 {Accuracy: White = 37%, Black = 55%.} 1/2-1/2

[Event "41st Nezhmetdinov Memorial 2019"]
[Site "Kazan"]
[Date "2019.06.03"]
[Round "4.2"]
[White "Usmanov, Vasily"]
[Black "Rozum, Ivan"]
[Result "1-0"]
[WhiteElo "2449"]
[BlackElo "2568"]
[Annotator "TA"]
[PlyCount "161"]
[EventDate "2019.05.31"]
[EventType "swiss"]
[EventCountry "RUS"]
[SourceTitle "playchess.com"]
[Source "ChessBase"]
[SourceQuality "1"]

{[%evp 9,161,16,14,20,16,10,47,33,124,22,22,7,0,0,22,-57,0,0,0,0,14,12,14,16,17,8,2,0,17,4,16,5,11,3,0,0,29,27,29,20,26,33,33,33,36,4,21,18,29,0,1,0,0,0,0,-31,-43,-97,-93,-100,-99,-97,-100,-97,-103,-88,-77,-82,-80,-89,-86,-92,-6,-5,-7,-7,-8,-11,-11,-410,0,0,62,62,62,62,62,58,50,50,50,50,50,50,50,50,50,50,50,47,47,40,62,62,62,62,62,62,62,62,62,62,62,62,62,62,62,62,62,62,62,62,62,62,29973,29974,29974,29975,29975,29976,29976,29977,29977,29978,29978,29977,29976,29977,29977,29978,29978,29979,29979,29979,29979,29980,29980,29977,29977,0,29979,29979,29978,29977]} 1. d4 Nf6 2. c4 d6 3. Nf3 g6 4. Nc3 Bf5 5. h3 Ne4 6. Nxe4 {E61: King's Indian: Early deviations for White, including Smyslov System} Bxe4 7. Ng5 Bf5 8. Qb3 {White is slightly better.} (8. e4 Bd7 9. Be3 Bg7 10. Qd2 e5 11. Nf3 Nc6 12. d5 Ne7 13. g4 {1-0 (58) Eljanov,P (2706)-Moussard,J (2559) Biel 2018}) 8... Nc6 $146 ({Better is} 8... Bc8 $14) ({Predecessor:} 8... Bc8 9. c5 d5 10. Bf4 h6 11. Nf3 Bg7 12. e3 O-O 13. Be2 {1-0 (33) Holm,K (2467)-Mihajlov,S (2155) Norway 2018}) 9. e4 ({Only move:} 9. c5 $1 $16 f6 10. e4 fxg5 11. exf5) 9... Bd7 $1 $11 10. c5 {[%csl Gg5][%cal Rb3f7]} (10. Be3 {feels hotter.} Bg7 11. Rd1 O-O 12. c5 e6 13. Nf3) 10... e6 11. Be3 Bg7 12. Bb5 (12. Rd1 $11) 12... O-O ({Black should try} 12... Nxd4 $15 13. Bxd4 Bxd4 14. Nxe6 fxe6 15. Qxe6+ {[%mdl 64] Double Attack} Kf8 16. Qxd7 (16. Bxd7 dxc5 17. O-O Qe7 $15) 16... Qxd7 17. Bxd7 dxc5) 13. Nf3 dxc5 14. dxc5 Qf6 15. Rb1 {Threatens to win with Bxc6.} h6 16. O-O Rfd8 17. Rfd1 Be8 18. Be2 b6 19. Qa3 Rxd1+ 20. Bxd1 Ne5 21. Nd2 Qd8 22. Be2 g5 23. Rd1 Qe7 24. b4 Bf8 25. Qc3 Ng6 26. Bd4 Qd7 27. Nb3 Nf4 28. Bf3 Qb5 29. Rd2 a5 30. bxa5 bxa5 31. g3 Ng6 32. Bf6 a4 33. e5 {[#]} (33. Nc1 $15) 33... Rb8 $1 $17 34. Nd4 Qxc5 35. Qxc5 Bxc5 36. Nc6 Bxc6 37. Bxc6 a3 38. Be4 Rb2 39. Rc2 Rxc2 40. Bxc2 Bd4 ({Black should play} 40... Be7 $17) 41. Bxg6 $1 $11 fxg6 {[%mdl 4096] Endgame KB-KB} 42. Kf1 $1 Kf7 43. Ke2 c5 44. Kd3 $2 {[%mdl 8192] [#]} (44. g4 $11 {and White is okay.}) 44... Bxf2 $2 (44... g4 $1 $19 {[%cal Rg4h3]} 45. hxg4 Bxf2) 45. g4 Be1 (45... Ke8 $11) 46. Kc4 $14 Bb4 47. Bd8 Bd2 48. Kxc5 Ke8 49. Bc7 {[%mdl 1024] White has compensation.} Kd7 50. Bd6 Bc3 51. Kc4 Bb2 52. Kb3 Kc6 53. Bxa3 Bxe5 54. Kc4 h5 55. Be7 hxg4 56. hxg4 Bf4 57. Bc5 Bc1 58. a4 {[%cal Ba2a4,Ba4a5,Ba5a6][%mdl 32]} Bd2 59. Bd4 Bf4 60. a5 Bc7 61. a6 Bf4 62. Bc5 Be5 63. Kd3 $1 Bf4 ({Don't go for} 63... Kxc5 $2 64. a7 $18) 64. Ke4 Kc7 ({Avoid the trap} 64... Kxc5 $2 65. a7 $18) 65. Ba7 Kc6 66. Bd4 Bd2 $2 {[%mdl 8192]} (66... Bd6 $14) 67. Ke5 Kc7 68. Kxe6 Kb8 69. Kf6 Ka8 70. Kxg6 Kb8 71. Kf5 Ka8 72. Ke4 Ba5 73. Be3 Bd8 74. Kf5 Be7 75. Bxg5 Bc5 76. Ke4 Bd6 77. Be3 Be7 78. Bd4 Bg5 79. Be3 Be7 80. Kf5 Bh4 81. Bd4 {Accuracy: White = 60%, Black = 59%.} 1-0